000 00361nam a2200145Ia 4500
005 20251222141927.0
008 251222s9999||||xx |||||||||||||| ||spa||
020 _a9788466632140
082 _a613.043.8/T99
100 _aTxumari, Alfaro
245 0 _aCuidados Naturales para la Edad de Oro
250 _a1ra. ed.
264 _bEdiciones B, S.A.
942 _cLIB
999 _c8916
_d8916